<?xml version="1.0" encoding="UTF-8"?>
<record
    xmlns:xsi="http://www.w3.org/2001/XMLSchema-instance"
    xsi:schemaLocation="http://www.loc.gov/MARC21/slim http://www.loc.gov/standards/marcxml/schema/MARC21slim.xsd"
    xmlns="http://www.loc.gov/MARC21/slim">

  <leader>00797nam a22002417a 4500</leader>
  <controlfield tag="003">OSt</controlfield>
  <controlfield tag="005">20260624155242.0</controlfield>
  <controlfield tag="008">260624b        |||||||| |||| 00| 0 eng d</controlfield>
  <datafield tag="020" ind1=" " ind2=" ">
    <subfield code="a">9970040245</subfield>
  </datafield>
  <datafield tag="040" ind1=" " ind2=" ">
    <subfield code="a">KABLIB</subfield>
    <subfield code="b">eng</subfield>
    <subfield code="c">KABLIB</subfield>
  </datafield>
  <datafield tag="082" ind1=" " ind2=" ">
    <subfield code="a">631</subfield>
    <subfield code="b">KIN</subfield>
  </datafield>
  <datafield tag="100" ind1=" " ind2=" ">
    <subfield code="a">Kintu Kenneth K.G</subfield>
    <subfield code="e">author</subfield>
    <subfield code="9">15822</subfield>
  </datafield>
  <datafield tag="245" ind1=" " ind2=" ">
    <subfield code="a">MK primary Agriculture pupil's book 4</subfield>
    <subfield code="c">Kenneth K.G Kintu,Amolo Omoding, Muwanga Lwanga and Arinanye Moses</subfield>
  </datafield>
  <datafield tag="260" ind1=" " ind2=" ">
    <subfield code="a">Kampala :</subfield>
    <subfield code="b">MK publishers (U) Ltd.</subfield>
    <subfield code="c">c 2002</subfield>
  </datafield>
  <datafield tag="300" ind1=" " ind2=" ">
    <subfield code="a">117p.;</subfield>
    <subfield code="b">ill,(col);</subfield>
    <subfield code="c">29 cm.</subfield>
  </datafield>
  <datafield tag="650" ind1=" " ind2=" ">
    <subfield code="a">Agriculture</subfield>
  </datafield>
  <datafield tag="700" ind1=" " ind2=" ">
    <subfield code="a">Omoding Amolo</subfield>
    <subfield code="e">author</subfield>
    <subfield code="9">15823</subfield>
  </datafield>
  <datafield tag="700" ind1=" " ind2=" ">
    <subfield code="a">Lwanga Muwanga</subfield>
    <subfield code="e">author</subfield>
    <subfield code="9">15824</subfield>
  </datafield>
  <datafield tag="700" ind1=" " ind2=" ">
    <subfield code="a">Moses Arinanye</subfield>
    <subfield code="e">author</subfield>
    <subfield code="9">15825</subfield>
  </datafield>
  <datafield tag="700" ind1=" " ind2=" ">
    <subfield code="a">Betty Kigumba</subfield>
    <subfield code="e">Typeset and Designer</subfield>
    <subfield code="9">15826</subfield>
  </datafield>
  <datafield tag="700" ind1=" " ind2=" ">
    <subfield code="a">D.Ssenyondwa</subfield>
    <subfield code="9">15827</subfield>
  </datafield>
  <datafield tag="942" ind1=" " ind2=" ">
    <subfield code="2">ddc</subfield>
    <subfield code="c">BOOK</subfield>
  </datafield>
  <datafield tag="999" ind1=" " ind2=" ">
    <subfield code="c">6222</subfield>
    <subfield code="d">6222</subfield>
  </datafield>
  <datafield tag="952" ind1=" " ind2=" ">
    <subfield code="0">0</subfield>
    <subfield code="1">0</subfield>
    <subfield code="2">ddc</subfield>
    <subfield code="4">0</subfield>
    <subfield code="7">0</subfield>
    <subfield code="a">RU</subfield>
    <subfield code="b">RU</subfield>
    <subfield code="c">Open</subfield>
    <subfield code="d">2026-06-24</subfield>
    <subfield code="l">0</subfield>
    <subfield code="o">631 KIN</subfield>
    <subfield code="p">2661RC</subfield>
    <subfield code="r">2026-06-24 15:53:11</subfield>
    <subfield code="w">2026-06-24</subfield>
    <subfield code="y">BOOK</subfield>
  </datafield>
  <datafield tag="952" ind1=" " ind2=" ">
    <subfield code="0">0</subfield>
    <subfield code="1">0</subfield>
    <subfield code="2">ddc</subfield>
    <subfield code="4">0</subfield>
    <subfield code="7">0</subfield>
    <subfield code="a">RU</subfield>
    <subfield code="b">RU</subfield>
    <subfield code="c">Open</subfield>
    <subfield code="d">2026-06-24</subfield>
    <subfield code="l">0</subfield>
    <subfield code="o">631 KIN</subfield>
    <subfield code="p">2660RC</subfield>
    <subfield code="r">2026-06-24 15:53:40</subfield>
    <subfield code="w">2026-06-24</subfield>
    <subfield code="y">BOOK</subfield>
  </datafield>
  <datafield tag="952" ind1=" " ind2=" ">
    <subfield code="0">0</subfield>
    <subfield code="1">0</subfield>
    <subfield code="2">ddc</subfield>
    <subfield code="4">0</subfield>
    <subfield code="7">0</subfield>
    <subfield code="a">RU</subfield>
    <subfield code="b">RU</subfield>
    <subfield code="c">Open</subfield>
    <subfield code="d">2026-06-24</subfield>
    <subfield code="l">0</subfield>
    <subfield code="o">631 KIN</subfield>
    <subfield code="p">2659RC</subfield>
    <subfield code="r">2026-06-24 15:54:05</subfield>
    <subfield code="w">2026-06-24</subfield>
    <subfield code="y">BOOK</subfield>
  </datafield>
  <datafield tag="952" ind1=" " ind2=" ">
    <subfield code="0">0</subfield>
    <subfield code="1">0</subfield>
    <subfield code="2">ddc</subfield>
    <subfield code="4">0</subfield>
    <subfield code="7">0</subfield>
    <subfield code="a">RU</subfield>
    <subfield code="b">RU</subfield>
    <subfield code="c">Open</subfield>
    <subfield code="d">2026-06-24</subfield>
    <subfield code="l">0</subfield>
    <subfield code="o">631 KIN</subfield>
    <subfield code="p">2658RC</subfield>
    <subfield code="r">2026-06-24 15:54:25</subfield>
    <subfield code="w">2026-06-24</subfield>
    <subfield code="y">BOOK</subfield>
  </datafield>
  <datafield tag="952" ind1=" " ind2=" ">
    <subfield code="0">0</subfield>
    <subfield code="1">0</subfield>
    <subfield code="2">ddc</subfield>
    <subfield code="4">0</subfield>
    <subfield code="7">0</subfield>
    <subfield code="a">RU</subfield>
    <subfield code="b">RU</subfield>
    <subfield code="c">Open</subfield>
    <subfield code="d">2026-06-24</subfield>
    <subfield code="l">0</subfield>
    <subfield code="o">631 KIN</subfield>
    <subfield code="p">2657RC</subfield>
    <subfield code="r">2026-06-24 15:54:44</subfield>
    <subfield code="w">2026-06-24</subfield>
    <subfield code="y">BOOK</subfield>
  </datafield>
  <datafield tag="952" ind1=" " ind2=" ">
    <subfield code="0">0</subfield>
    <subfield code="1">0</subfield>
    <subfield code="2">ddc</subfield>
    <subfield code="4">0</subfield>
    <subfield code="7">0</subfield>
    <subfield code="a">RU</subfield>
    <subfield code="b">RU</subfield>
    <subfield code="c">Open</subfield>
    <subfield code="d">2026-06-24</subfield>
    <subfield code="l">0</subfield>
    <subfield code="o">631 KIN</subfield>
    <subfield code="p">2656RC</subfield>
    <subfield code="r">2026-06-24 15:55:03</subfield>
    <subfield code="w">2026-06-24</subfield>
    <subfield code="y">BOOK</subfield>
  </datafield>
  <datafield tag="952" ind1=" " ind2=" ">
    <subfield code="0">0</subfield>
    <subfield code="1">0</subfield>
    <subfield code="2">ddc</subfield>
    <subfield code="4">0</subfield>
    <subfield code="7">0</subfield>
    <subfield code="a">RU</subfield>
    <subfield code="b">RU</subfield>
    <subfield code="c">Open</subfield>
    <subfield code="d">2026-06-24</subfield>
    <subfield code="l">0</subfield>
    <subfield code="o">631 KIN</subfield>
    <subfield code="p">2655RC</subfield>
    <subfield code="r">2026-06-24 15:55:19</subfield>
    <subfield code="w">2026-06-24</subfield>
    <subfield code="y">BOOK</subfield>
  </datafield>
  <datafield tag="952" ind1=" " ind2=" ">
    <subfield code="0">0</subfield>
    <subfield code="1">0</subfield>
    <subfield code="2">ddc</subfield>
    <subfield code="4">0</subfield>
    <subfield code="7">0</subfield>
    <subfield code="a">RU</subfield>
    <subfield code="b">RU</subfield>
    <subfield code="c">Open</subfield>
    <subfield code="d">2026-06-24</subfield>
    <subfield code="l">0</subfield>
    <subfield code="o">631 KIN</subfield>
    <subfield code="p">2670RC</subfield>
    <subfield code="r">2026-06-24 15:55:41</subfield>
    <subfield code="w">2026-06-24</subfield>
    <subfield code="y">BOOK</subfield>
  </datafield>
  <datafield tag="952" ind1=" " ind2=" ">
    <subfield code="0">0</subfield>
    <subfield code="1">0</subfield>
    <subfield code="2">ddc</subfield>
    <subfield code="4">0</subfield>
    <subfield code="7">0</subfield>
    <subfield code="a">RU</subfield>
    <subfield code="b">RU</subfield>
    <subfield code="c">Open</subfield>
    <subfield code="d">2026-06-24</subfield>
    <subfield code="l">0</subfield>
    <subfield code="o">631 KIN</subfield>
    <subfield code="p">2669RC</subfield>
    <subfield code="r">2026-06-24 15:56:00</subfield>
    <subfield code="w">2026-06-24</subfield>
    <subfield code="y">BOOK</subfield>
  </datafield>
  <datafield tag="952" ind1=" " ind2=" ">
    <subfield code="0">0</subfield>
    <subfield code="1">0</subfield>
    <subfield code="2">ddc</subfield>
    <subfield code="4">0</subfield>
    <subfield code="7">0</subfield>
    <subfield code="a">RU</subfield>
    <subfield code="b">RU</subfield>
    <subfield code="c">Open</subfield>
    <subfield code="d">2026-06-24</subfield>
    <subfield code="l">0</subfield>
    <subfield code="o">631 KIN</subfield>
    <subfield code="p">2668RC</subfield>
    <subfield code="r">2026-06-24 15:57:51</subfield>
    <subfield code="w">2026-06-24</subfield>
    <subfield code="y">BOOK</subfield>
  </datafield>
  <datafield tag="952" ind1=" " ind2=" ">
    <subfield code="0">0</subfield>
    <subfield code="1">0</subfield>
    <subfield code="2">ddc</subfield>
    <subfield code="4">0</subfield>
    <subfield code="7">0</subfield>
    <subfield code="a">RU</subfield>
    <subfield code="b">RU</subfield>
    <subfield code="c">Open</subfield>
    <subfield code="d">2026-06-24</subfield>
    <subfield code="l">0</subfield>
    <subfield code="o">631 KIN</subfield>
    <subfield code="p">2667RC</subfield>
    <subfield code="r">2026-06-24 15:58:48</subfield>
    <subfield code="w">2026-06-24</subfield>
    <subfield code="y">BOOK</subfield>
  </datafield>
  <datafield tag="952" ind1=" " ind2=" ">
    <subfield code="0">0</subfield>
    <subfield code="1">0</subfield>
    <subfield code="2">ddc</subfield>
    <subfield code="4">0</subfield>
    <subfield code="7">0</subfield>
    <subfield code="a">RU</subfield>
    <subfield code="b">RU</subfield>
    <subfield code="c">Open</subfield>
    <subfield code="d">2026-06-24</subfield>
    <subfield code="l">0</subfield>
    <subfield code="o">631 KIN</subfield>
    <subfield code="p">2666RC</subfield>
    <subfield code="r">2026-06-24 15:59:07</subfield>
    <subfield code="w">2026-06-24</subfield>
    <subfield code="y">BOOK</subfield>
  </datafield>
  <datafield tag="952" ind1=" " ind2=" ">
    <subfield code="0">0</subfield>
    <subfield code="1">0</subfield>
    <subfield code="2">ddc</subfield>
    <subfield code="4">0</subfield>
    <subfield code="7">0</subfield>
    <subfield code="a">RU</subfield>
    <subfield code="b">RU</subfield>
    <subfield code="c">Open</subfield>
    <subfield code="d">2026-06-24</subfield>
    <subfield code="l">0</subfield>
    <subfield code="o">631 KIN</subfield>
    <subfield code="p">2665RC</subfield>
    <subfield code="r">2026-06-24 15:59:26</subfield>
    <subfield code="w">2026-06-24</subfield>
    <subfield code="y">BOOK</subfield>
  </datafield>
  <datafield tag="952" ind1=" " ind2=" ">
    <subfield code="0">0</subfield>
    <subfield code="1">0</subfield>
    <subfield code="2">ddc</subfield>
    <subfield code="4">0</subfield>
    <subfield code="7">0</subfield>
    <subfield code="a">RU</subfield>
    <subfield code="b">RU</subfield>
    <subfield code="c">Open</subfield>
    <subfield code="d">2026-06-24</subfield>
    <subfield code="l">0</subfield>
    <subfield code="o">631 KIN</subfield>
    <subfield code="p">2664RC</subfield>
    <subfield code="r">2026-06-24 15:59:47</subfield>
    <subfield code="w">2026-06-24</subfield>
    <subfield code="y">BOOK</subfield>
  </datafield>
  <datafield tag="952" ind1=" " ind2=" ">
    <subfield code="0">0</subfield>
    <subfield code="1">0</subfield>
    <subfield code="2">ddc</subfield>
    <subfield code="4">0</subfield>
    <subfield code="7">0</subfield>
    <subfield code="a">RU</subfield>
    <subfield code="b">RU</subfield>
    <subfield code="c">Open</subfield>
    <subfield code="d">2026-06-24</subfield>
    <subfield code="l">0</subfield>
    <subfield code="o">631 KIN</subfield>
    <subfield code="p">2663RC</subfield>
    <subfield code="r">2026-06-24 16:01:27</subfield>
    <subfield code="w">2026-06-24</subfield>
    <subfield code="y">BOOK</subfield>
  </datafield>
  <datafield tag="952" ind1=" " ind2=" ">
    <subfield code="0">0</subfield>
    <subfield code="1">0</subfield>
    <subfield code="2">ddc</subfield>
    <subfield code="4">0</subfield>
    <subfield code="7">0</subfield>
    <subfield code="a">RU</subfield>
    <subfield code="b">RU</subfield>
    <subfield code="c">Open</subfield>
    <subfield code="d">2026-06-24</subfield>
    <subfield code="l">0</subfield>
    <subfield code="o">631 KIN</subfield>
    <subfield code="p">2662RC</subfield>
    <subfield code="r">2026-06-24 16:02:17</subfield>
    <subfield code="w">2026-06-24</subfield>
    <subfield code="y">BOOK</subfield>
  </datafield>
  <datafield tag="952" ind1=" " ind2=" ">
    <subfield code="0">0</subfield>
    <subfield code="1">0</subfield>
    <subfield code="2">ddc</subfield>
    <subfield code="4">0</subfield>
    <subfield code="7">0</subfield>
    <subfield code="a">RU</subfield>
    <subfield code="b">RU</subfield>
    <subfield code="c">Open</subfield>
    <subfield code="d">2026-06-24</subfield>
    <subfield code="l">0</subfield>
    <subfield code="o">631 KIN</subfield>
    <subfield code="p">2648RC</subfield>
    <subfield code="r">2026-06-24 16:03:12</subfield>
    <subfield code="w">2026-06-24</subfield>
    <subfield code="y">BOOK</subfield>
  </datafield>
  <datafield tag="952" ind1=" " ind2=" ">
    <subfield code="0">0</subfield>
    <subfield code="1">0</subfield>
    <subfield code="2">ddc</subfield>
    <subfield code="4">0</subfield>
    <subfield code="7">0</subfield>
    <subfield code="a">RU</subfield>
    <subfield code="b">RU</subfield>
    <subfield code="c">Open</subfield>
    <subfield code="d">2026-06-24</subfield>
    <subfield code="l">0</subfield>
    <subfield code="o">631 KIN</subfield>
    <subfield code="p">2649RC</subfield>
    <subfield code="r">2026-06-24 16:03:47</subfield>
    <subfield code="w">2026-06-24</subfield>
    <subfield code="y">BOOK</subfield>
  </datafield>
  <datafield tag="952" ind1=" " ind2=" ">
    <subfield code="0">0</subfield>
    <subfield code="1">0</subfield>
    <subfield code="2">ddc</subfield>
    <subfield code="4">0</subfield>
    <subfield code="7">0</subfield>
    <subfield code="a">RU</subfield>
    <subfield code="b">RU</subfield>
    <subfield code="c">Open</subfield>
    <subfield code="d">2026-06-24</subfield>
    <subfield code="l">0</subfield>
    <subfield code="o">631 KIN</subfield>
    <subfield code="p">2650RC</subfield>
    <subfield code="r">2026-06-24 16:04:37</subfield>
    <subfield code="w">2026-06-24</subfield>
    <subfield code="y">BOOK</subfield>
  </datafield>
  <datafield tag="952" ind1=" " ind2=" ">
    <subfield code="0">0</subfield>
    <subfield code="1">0</subfield>
    <subfield code="2">ddc</subfield>
    <subfield code="4">0</subfield>
    <subfield code="7">0</subfield>
    <subfield code="a">RU</subfield>
    <subfield code="b">RU</subfield>
    <subfield code="c">Open</subfield>
    <subfield code="d">2026-06-24</subfield>
    <subfield code="l">0</subfield>
    <subfield code="o">631 KIN</subfield>
    <subfield code="p">2651RC</subfield>
    <subfield code="r">2026-06-24 16:04:57</subfield>
    <subfield code="w">2026-06-24</subfield>
    <subfield code="y">BOOK</subfield>
  </datafield>
  <datafield tag="952" ind1=" " ind2=" ">
    <subfield code="0">0</subfield>
    <subfield code="1">0</subfield>
    <subfield code="2">ddc</subfield>
    <subfield code="4">0</subfield>
    <subfield code="7">0</subfield>
    <subfield code="a">RU</subfield>
    <subfield code="b">RU</subfield>
    <subfield code="c">Open</subfield>
    <subfield code="d">2026-06-24</subfield>
    <subfield code="l">0</subfield>
    <subfield code="o">631 KIN</subfield>
    <subfield code="p">2652RC</subfield>
    <subfield code="r">2026-06-24 16:05:18</subfield>
    <subfield code="w">2026-06-24</subfield>
    <subfield code="y">BOOK</subfield>
  </datafield>
  <datafield tag="952" ind1=" " ind2=" ">
    <subfield code="0">0</subfield>
    <subfield code="1">0</subfield>
    <subfield code="2">ddc</subfield>
    <subfield code="4">0</subfield>
    <subfield code="7">0</subfield>
    <subfield code="a">RU</subfield>
    <subfield code="b">RU</subfield>
    <subfield code="c">Open</subfield>
    <subfield code="d">2026-06-24</subfield>
    <subfield code="l">0</subfield>
    <subfield code="o">631 KIN</subfield>
    <subfield code="p">2653RC</subfield>
    <subfield code="r">2026-06-24 16:08:01</subfield>
    <subfield code="w">2026-06-24</subfield>
    <subfield code="y">BOOK</subfield>
  </datafield>
  <datafield tag="952" ind1=" " ind2=" ">
    <subfield code="0">0</subfield>
    <subfield code="1">0</subfield>
    <subfield code="2">ddc</subfield>
    <subfield code="4">0</subfield>
    <subfield code="7">0</subfield>
    <subfield code="a">RU</subfield>
    <subfield code="b">RU</subfield>
    <subfield code="c">Open</subfield>
    <subfield code="d">2026-06-24</subfield>
    <subfield code="l">0</subfield>
    <subfield code="o">631 KIN</subfield>
    <subfield code="p">2654RC</subfield>
    <subfield code="r">2026-06-24 16:08:55</subfield>
    <subfield code="w">2026-06-24</subfield>
    <subfield code="y">BOOK</subfield>
  </datafield>
  <datafield tag="952" ind1=" " ind2=" ">
    <subfield code="0">0</subfield>
    <subfield code="1">0</subfield>
    <subfield code="2">ddc</subfield>
    <subfield code="4">0</subfield>
    <subfield code="7">0</subfield>
    <subfield code="a">RU</subfield>
    <subfield code="b">RU</subfield>
    <subfield code="d">2026-06-24</subfield>
    <subfield code="l">0</subfield>
    <subfield code="o">631 KIN</subfield>
    <subfield code="p">2634RC</subfield>
    <subfield code="r">2026-06-24 16:09:14</subfield>
    <subfield code="w">2026-06-24</subfield>
    <subfield code="y">BOOK</subfield>
  </datafield>
  <datafield tag="952" ind1=" " ind2=" ">
    <subfield code="0">0</subfield>
    <subfield code="1">0</subfield>
    <subfield code="2">ddc</subfield>
    <subfield code="4">0</subfield>
    <subfield code="7">0</subfield>
    <subfield code="a">RU</subfield>
    <subfield code="b">RU</subfield>
    <subfield code="c">Open</subfield>
    <subfield code="d">2026-06-24</subfield>
    <subfield code="l">0</subfield>
    <subfield code="o">631 KIN</subfield>
    <subfield code="p">2635RC</subfield>
    <subfield code="r">2026-06-24 16:09:32</subfield>
    <subfield code="w">2026-06-24</subfield>
    <subfield code="y">BOOK</subfield>
  </datafield>
  <datafield tag="952" ind1=" " ind2=" ">
    <subfield code="0">0</subfield>
    <subfield code="1">0</subfield>
    <subfield code="2">ddc</subfield>
    <subfield code="4">0</subfield>
    <subfield code="7">0</subfield>
    <subfield code="a">RU</subfield>
    <subfield code="b">RU</subfield>
    <subfield code="c">Open</subfield>
    <subfield code="d">2026-06-24</subfield>
    <subfield code="l">0</subfield>
    <subfield code="o">631 KIN</subfield>
    <subfield code="p">2636RC</subfield>
    <subfield code="r">2026-06-24 16:09:57</subfield>
    <subfield code="w">2026-06-24</subfield>
    <subfield code="y">BOOK</subfield>
  </datafield>
  <datafield tag="952" ind1=" " ind2=" ">
    <subfield code="0">0</subfield>
    <subfield code="1">0</subfield>
    <subfield code="2">ddc</subfield>
    <subfield code="4">0</subfield>
    <subfield code="7">0</subfield>
    <subfield code="a">RU</subfield>
    <subfield code="b">RU</subfield>
    <subfield code="c">Open</subfield>
    <subfield code="d">2026-06-24</subfield>
    <subfield code="l">0</subfield>
    <subfield code="o">631 KIN</subfield>
    <subfield code="p">2637RC</subfield>
    <subfield code="r">2026-06-24 16:10:18</subfield>
    <subfield code="w">2026-06-24</subfield>
    <subfield code="y">BOOK</subfield>
  </datafield>
  <datafield tag="952" ind1=" " ind2=" ">
    <subfield code="0">0</subfield>
    <subfield code="1">0</subfield>
    <subfield code="2">ddc</subfield>
    <subfield code="4">0</subfield>
    <subfield code="7">0</subfield>
    <subfield code="a">RU</subfield>
    <subfield code="b">RU</subfield>
    <subfield code="c">Open</subfield>
    <subfield code="d">2026-06-24</subfield>
    <subfield code="l">0</subfield>
    <subfield code="o">631 KIN</subfield>
    <subfield code="p">2638RC</subfield>
    <subfield code="r">2026-06-24 16:10:43</subfield>
    <subfield code="w">2026-06-24</subfield>
    <subfield code="y">BOOK</subfield>
  </datafield>
  <datafield tag="952" ind1=" " ind2=" ">
    <subfield code="0">0</subfield>
    <subfield code="1">0</subfield>
    <subfield code="2">ddc</subfield>
    <subfield code="4">0</subfield>
    <subfield code="7">0</subfield>
    <subfield code="a">RU</subfield>
    <subfield code="b">RU</subfield>
    <subfield code="c">Open</subfield>
    <subfield code="d">2026-06-24</subfield>
    <subfield code="l">0</subfield>
    <subfield code="o">631 KIN</subfield>
    <subfield code="p">2639RC</subfield>
    <subfield code="r">2026-06-24 16:11:05</subfield>
    <subfield code="w">2026-06-24</subfield>
    <subfield code="y">BOOK</subfield>
  </datafield>
  <datafield tag="952" ind1=" " ind2=" ">
    <subfield code="0">0</subfield>
    <subfield code="1">0</subfield>
    <subfield code="2">ddc</subfield>
    <subfield code="4">0</subfield>
    <subfield code="7">0</subfield>
    <subfield code="a">RU</subfield>
    <subfield code="b">RU</subfield>
    <subfield code="c">Open</subfield>
    <subfield code="d">2026-06-24</subfield>
    <subfield code="l">0</subfield>
    <subfield code="o">631 KIN</subfield>
    <subfield code="p">2640RC</subfield>
    <subfield code="r">2026-06-24 16:11:34</subfield>
    <subfield code="w">2026-06-24</subfield>
    <subfield code="y">BOOK</subfield>
  </datafield>
  <datafield tag="952" ind1=" " ind2=" ">
    <subfield code="0">0</subfield>
    <subfield code="1">0</subfield>
    <subfield code="2">ddc</subfield>
    <subfield code="4">0</subfield>
    <subfield code="7">0</subfield>
    <subfield code="a">RU</subfield>
    <subfield code="b">RU</subfield>
    <subfield code="c">Open</subfield>
    <subfield code="d">2026-06-24</subfield>
    <subfield code="l">0</subfield>
    <subfield code="o">631 KIN</subfield>
    <subfield code="p">2641RC</subfield>
    <subfield code="r">2026-06-24 16:14:34</subfield>
    <subfield code="w">2026-06-24</subfield>
    <subfield code="y">BOOK</subfield>
  </datafield>
  <datafield tag="952" ind1=" " ind2=" ">
    <subfield code="0">0</subfield>
    <subfield code="1">0</subfield>
    <subfield code="2">ddc</subfield>
    <subfield code="4">0</subfield>
    <subfield code="7">0</subfield>
    <subfield code="a">RU</subfield>
    <subfield code="b">RU</subfield>
    <subfield code="c">Open</subfield>
    <subfield code="d">2026-06-24</subfield>
    <subfield code="l">0</subfield>
    <subfield code="o">631 KIN</subfield>
    <subfield code="p">2642RC</subfield>
    <subfield code="r">2026-06-24 16:14:56</subfield>
    <subfield code="w">2026-06-24</subfield>
    <subfield code="y">BOOK</subfield>
  </datafield>
  <datafield tag="952" ind1=" " ind2=" ">
    <subfield code="0">0</subfield>
    <subfield code="1">0</subfield>
    <subfield code="2">ddc</subfield>
    <subfield code="4">0</subfield>
    <subfield code="7">0</subfield>
    <subfield code="a">RU</subfield>
    <subfield code="b">RU</subfield>
    <subfield code="c">Open</subfield>
    <subfield code="d">2026-06-24</subfield>
    <subfield code="l">0</subfield>
    <subfield code="o">631 KIN</subfield>
    <subfield code="p">2643RC</subfield>
    <subfield code="r">2026-06-24 16:15:15</subfield>
    <subfield code="w">2026-06-24</subfield>
    <subfield code="y">BOOK</subfield>
  </datafield>
  <datafield tag="952" ind1=" " ind2=" ">
    <subfield code="0">0</subfield>
    <subfield code="1">0</subfield>
    <subfield code="2">ddc</subfield>
    <subfield code="4">0</subfield>
    <subfield code="7">0</subfield>
    <subfield code="a">RU</subfield>
    <subfield code="b">RU</subfield>
    <subfield code="c">Open</subfield>
    <subfield code="d">2026-06-24</subfield>
    <subfield code="l">0</subfield>
    <subfield code="o">631 KIN</subfield>
    <subfield code="p">2644RC</subfield>
    <subfield code="r">2026-06-24 16:15:34</subfield>
    <subfield code="w">2026-06-24</subfield>
    <subfield code="y">BOOK</subfield>
  </datafield>
  <datafield tag="952" ind1=" " ind2=" ">
    <subfield code="0">0</subfield>
    <subfield code="1">0</subfield>
    <subfield code="2">ddc</subfield>
    <subfield code="4">0</subfield>
    <subfield code="7">0</subfield>
    <subfield code="a">RU</subfield>
    <subfield code="b">RU</subfield>
    <subfield code="c">Open</subfield>
    <subfield code="d">2026-06-24</subfield>
    <subfield code="l">0</subfield>
    <subfield code="o">631 KIN</subfield>
    <subfield code="p">2645RC</subfield>
    <subfield code="r">2026-06-24 16:20:34</subfield>
    <subfield code="w">2026-06-24</subfield>
    <subfield code="y">BOOK</subfield>
  </datafield>
  <datafield tag="952" ind1=" " ind2=" ">
    <subfield code="0">0</subfield>
    <subfield code="1">0</subfield>
    <subfield code="2">ddc</subfield>
    <subfield code="4">0</subfield>
    <subfield code="7">0</subfield>
    <subfield code="a">RU</subfield>
    <subfield code="b">RU</subfield>
    <subfield code="c">Open</subfield>
    <subfield code="d">2026-06-24</subfield>
    <subfield code="l">0</subfield>
    <subfield code="o">631 KIN</subfield>
    <subfield code="p">2646RC</subfield>
    <subfield code="r">2026-06-24 16:22:19</subfield>
    <subfield code="w">2026-06-24</subfield>
    <subfield code="y">BOOK</subfield>
  </datafield>
  <datafield tag="952" ind1=" " ind2=" ">
    <subfield code="0">0</subfield>
    <subfield code="1">0</subfield>
    <subfield code="2">ddc</subfield>
    <subfield code="4">0</subfield>
    <subfield code="7">0</subfield>
    <subfield code="a">RU</subfield>
    <subfield code="b">RU</subfield>
    <subfield code="c">Open</subfield>
    <subfield code="d">2026-06-24</subfield>
    <subfield code="l">0</subfield>
    <subfield code="o">631 KIN</subfield>
    <subfield code="p">2647RC</subfield>
    <subfield code="r">2026-06-24 16:23:28</subfield>
    <subfield code="w">2026-06-24</subfield>
    <subfield code="y">BOOK</subfield>
  </datafield>
  <datafield tag="952" ind1=" " ind2=" ">
    <subfield code="0">0</subfield>
    <subfield code="1">0</subfield>
    <subfield code="2">ddc</subfield>
    <subfield code="4">0</subfield>
    <subfield code="7">0</subfield>
    <subfield code="a">RU</subfield>
    <subfield code="b">RU</subfield>
    <subfield code="c">Open</subfield>
    <subfield code="d">2026-06-24</subfield>
    <subfield code="l">0</subfield>
    <subfield code="o">631 KIN</subfield>
    <subfield code="p">2700RC</subfield>
    <subfield code="r">2026-06-24 20:05:31</subfield>
    <subfield code="w">2026-06-24</subfield>
    <subfield code="y">BOOK</subfield>
  </datafield>
  <datafield tag="952" ind1=" " ind2=" ">
    <subfield code="0">0</subfield>
    <subfield code="1">0</subfield>
    <subfield code="2">ddc</subfield>
    <subfield code="4">0</subfield>
    <subfield code="7">0</subfield>
    <subfield code="a">RU</subfield>
    <subfield code="b">RU</subfield>
    <subfield code="c">Open</subfield>
    <subfield code="d">2026-06-24</subfield>
    <subfield code="l">0</subfield>
    <subfield code="o">631 KIN</subfield>
    <subfield code="p">2699RC</subfield>
    <subfield code="r">2026-06-24 20:06:05</subfield>
    <subfield code="w">2026-06-24</subfield>
    <subfield code="y">BOOK</subfield>
  </datafield>
  <datafield tag="952" ind1=" " ind2=" ">
    <subfield code="0">0</subfield>
    <subfield code="1">0</subfield>
    <subfield code="2">ddc</subfield>
    <subfield code="4">0</subfield>
    <subfield code="7">0</subfield>
    <subfield code="a">RU</subfield>
    <subfield code="b">RU</subfield>
    <subfield code="c">Open</subfield>
    <subfield code="d">2026-06-24</subfield>
    <subfield code="l">0</subfield>
    <subfield code="o">631 KIN</subfield>
    <subfield code="p">2698RC</subfield>
    <subfield code="r">2026-06-24 20:06:42</subfield>
    <subfield code="w">2026-06-24</subfield>
    <subfield code="y">BOOK</subfield>
  </datafield>
  <datafield tag="952" ind1=" " ind2=" ">
    <subfield code="0">0</subfield>
    <subfield code="1">0</subfield>
    <subfield code="2">ddc</subfield>
    <subfield code="4">0</subfield>
    <subfield code="7">0</subfield>
    <subfield code="a">RU</subfield>
    <subfield code="b">RU</subfield>
    <subfield code="c">Open</subfield>
    <subfield code="d">2026-06-24</subfield>
    <subfield code="l">0</subfield>
    <subfield code="o">631 KIN</subfield>
    <subfield code="p">2697RC</subfield>
    <subfield code="r">2026-06-24 20:08:07</subfield>
    <subfield code="w">2026-06-24</subfield>
    <subfield code="y">BOOK</subfield>
  </datafield>
  <datafield tag="952" ind1=" " ind2=" ">
    <subfield code="0">0</subfield>
    <subfield code="1">0</subfield>
    <subfield code="2">ddc</subfield>
    <subfield code="4">0</subfield>
    <subfield code="7">0</subfield>
    <subfield code="a">RU</subfield>
    <subfield code="b">RU</subfield>
    <subfield code="c">Open</subfield>
    <subfield code="d">2026-06-24</subfield>
    <subfield code="l">0</subfield>
    <subfield code="o">631 KIN</subfield>
    <subfield code="p">2696RC</subfield>
    <subfield code="r">2026-06-24 20:08:39</subfield>
    <subfield code="w">2026-06-24</subfield>
    <subfield code="y">BOOK</subfield>
  </datafield>
  <datafield tag="952" ind1=" " ind2=" ">
    <subfield code="0">0</subfield>
    <subfield code="1">0</subfield>
    <subfield code="2">ddc</subfield>
    <subfield code="4">0</subfield>
    <subfield code="7">0</subfield>
    <subfield code="a">RU</subfield>
    <subfield code="b">RU</subfield>
    <subfield code="c">Open</subfield>
    <subfield code="d">2026-06-24</subfield>
    <subfield code="l">0</subfield>
    <subfield code="o">631 KIN</subfield>
    <subfield code="p">2695RC</subfield>
    <subfield code="r">2026-06-24 20:09:16</subfield>
    <subfield code="w">2026-06-24</subfield>
    <subfield code="y">BOOK</subfield>
  </datafield>
  <datafield tag="952" ind1=" " ind2=" ">
    <subfield code="0">0</subfield>
    <subfield code="1">0</subfield>
    <subfield code="2">ddc</subfield>
    <subfield code="4">0</subfield>
    <subfield code="7">0</subfield>
    <subfield code="a">RU</subfield>
    <subfield code="b">RU</subfield>
    <subfield code="c">Open</subfield>
    <subfield code="d">2026-06-24</subfield>
    <subfield code="l">0</subfield>
    <subfield code="o">631 KIN</subfield>
    <subfield code="p">2694RC</subfield>
    <subfield code="r">2026-06-24 20:09:36</subfield>
    <subfield code="w">2026-06-24</subfield>
    <subfield code="y">BOOK</subfield>
  </datafield>
  <datafield tag="952" ind1=" " ind2=" ">
    <subfield code="0">0</subfield>
    <subfield code="1">0</subfield>
    <subfield code="2">ddc</subfield>
    <subfield code="4">0</subfield>
    <subfield code="7">0</subfield>
    <subfield code="a">RU</subfield>
    <subfield code="b">RU</subfield>
    <subfield code="c">Open</subfield>
    <subfield code="d">2026-06-24</subfield>
    <subfield code="l">0</subfield>
    <subfield code="o">631 KIN</subfield>
    <subfield code="p">2692RC</subfield>
    <subfield code="r">2026-06-24 20:10:20</subfield>
    <subfield code="w">2026-06-24</subfield>
    <subfield code="y">BOOK</subfield>
  </datafield>
  <datafield tag="952" ind1=" " ind2=" ">
    <subfield code="0">0</subfield>
    <subfield code="1">0</subfield>
    <subfield code="2">ddc</subfield>
    <subfield code="4">0</subfield>
    <subfield code="7">0</subfield>
    <subfield code="a">RU</subfield>
    <subfield code="b">RU</subfield>
    <subfield code="c">Open</subfield>
    <subfield code="d">2026-06-24</subfield>
    <subfield code="l">0</subfield>
    <subfield code="o">631 KIN</subfield>
    <subfield code="p">2691RC</subfield>
    <subfield code="r">2026-06-24 20:10:55</subfield>
    <subfield code="w">2026-06-24</subfield>
    <subfield code="y">BOOK</subfield>
  </datafield>
  <datafield tag="952" ind1=" " ind2=" ">
    <subfield code="0">0</subfield>
    <subfield code="1">0</subfield>
    <subfield code="2">ddc</subfield>
    <subfield code="4">0</subfield>
    <subfield code="7">0</subfield>
    <subfield code="a">RU</subfield>
    <subfield code="b">RU</subfield>
    <subfield code="c">Open</subfield>
    <subfield code="d">2026-06-24</subfield>
    <subfield code="l">0</subfield>
    <subfield code="o">631 KIN</subfield>
    <subfield code="p">2693RC</subfield>
    <subfield code="r">2026-06-24 20:11:33</subfield>
    <subfield code="w">2026-06-24</subfield>
    <subfield code="y">BOOK</subfield>
  </datafield>
  <datafield tag="952" ind1=" " ind2=" ">
    <subfield code="0">0</subfield>
    <subfield code="1">0</subfield>
    <subfield code="2">ddc</subfield>
    <subfield code="4">0</subfield>
    <subfield code="7">0</subfield>
    <subfield code="a">RU</subfield>
    <subfield code="b">RU</subfield>
    <subfield code="c">Open</subfield>
    <subfield code="d">2026-06-24</subfield>
    <subfield code="l">0</subfield>
    <subfield code="o">631 KIN</subfield>
    <subfield code="p">2690RC</subfield>
    <subfield code="r">2026-06-24 20:12:01</subfield>
    <subfield code="w">2026-06-24</subfield>
    <subfield code="y">BOOK</subfield>
  </datafield>
  <datafield tag="952" ind1=" " ind2=" ">
    <subfield code="0">0</subfield>
    <subfield code="1">0</subfield>
    <subfield code="2">ddc</subfield>
    <subfield code="4">0</subfield>
    <subfield code="7">0</subfield>
    <subfield code="a">RU</subfield>
    <subfield code="b">RU</subfield>
    <subfield code="c">Open</subfield>
    <subfield code="d">2026-06-24</subfield>
    <subfield code="l">0</subfield>
    <subfield code="o">631 KIN</subfield>
    <subfield code="p">2689RC</subfield>
    <subfield code="r">2026-06-24 20:12:26</subfield>
    <subfield code="w">2026-06-24</subfield>
    <subfield code="y">BOOK</subfield>
  </datafield>
  <datafield tag="952" ind1=" " ind2=" ">
    <subfield code="0">0</subfield>
    <subfield code="1">0</subfield>
    <subfield code="2">ddc</subfield>
    <subfield code="4">0</subfield>
    <subfield code="7">0</subfield>
    <subfield code="a">RU</subfield>
    <subfield code="b">RU</subfield>
    <subfield code="c">Open</subfield>
    <subfield code="d">2026-06-24</subfield>
    <subfield code="l">0</subfield>
    <subfield code="o">631 KIN</subfield>
    <subfield code="p">2688RC</subfield>
    <subfield code="r">2026-06-24 20:12:49</subfield>
    <subfield code="w">2026-06-24</subfield>
    <subfield code="y">BOOK</subfield>
  </datafield>
</record>
